000 00439nam a2200121 a 4500
008 120416s9999 xx |||||||||||||| || u
050 _aTD 172.5 Pol
100 _aClayton, K. M
245 1 0 _aPollution abatement
_cedited by K. M. Clayton
350 _a0.00
700 _aChilver, R. C
995 _D0.00
_FCBU-MAIN LIBRARY (Kitwe)
_H1
_I5.50
_UAVAILABLE
_ZMain Library Open Access Collection
999 _c53969
_d53969